000 00768nam a22002052 4500
001 0000013229
005 20151217155855.0
008 090708s xx 000 0 eng d
040 _aKABU
_cKABU
245 1 0 _aCrafting institutional responses to HIV/AIDS :
_bguidelines and resources for tertiary institutions in Sub-Saharan Africa /
_c[edited by] William Saint.
250 _a1st ed.
260 _aWashington, D. C. :
_bWorld Bank,
_c2004.
300 _a73 p.
650 0 _aHIV/AIDS Prevention, control and care program
_zAfrica.
_@0000170380
650 0 _aAIDS
_xPatients services for
_zAfrica.
_@0000170381
700 1 _aSaint, William.
_@0000170382
852 1 _9p200 KES
908 _a090708
950 _@1
999 _c13593
_d13593